| 000 | 00865nam a22002297a 4500 | ||
|---|---|---|---|
| 003 | OSt | ||
| 005 | 20210818181838.0 | ||
| 008 | 171211s2012 ck a gr 000 j spa d | ||
| 020 | _a9789584498588 | ||
| 040 | _bspa | ||
| 041 | _aspa | ||
| 082 | 0 | 4 |
_a808.069 _bV434ma |
| 100 | 1 |
_951145 _aVelásquez Zuleta, Ricardo |
|
| 245 | 1 | 0 |
_aMatilde aprende una lección _cRicardo Velásquez Z., Ángela María Castaño Ramírez, Alexánder Mauricio Ramírez Quiroga |
| 260 |
_aPereira _bLEP Libros de Educación y Pedagogía _c2012 |
||
| 300 |
_a[12 páginas] _bilustraciones |
||
| 490 | _aLibros de Educación y Pedagogía | ||
| 650 | 0 |
_950358 _aCuentos Infantiles Colombianos |
|
| 700 |
_951548 _aCastaño Ramírez, Ángela María |
||
| 700 |
_951549 _aRamírez Quiroga, Alexánder Mauricio |
||
| 942 |
_2ddc _h808.069 V434ma _k808.069 _mV434ma |
||
| 999 |
_c12842 _d12842 |
||